00718nam a2200181 i 4500001000700000003000900007005001700016008004100033040002000074100003400094245009800128250003800226260006600264300002200330650001600352650001500368852015300383154577ES-MaACL20230906205802.0971107s1877 sp |||| | spa d aCLM bspa cCLM1 aGonzález Garbín, Antonio.10aCompendio de retórica y poética ó de preceptiva literaria / cpor A. González Garbin. a2ª ed. notablemente corr. y aum. aGranada : bImp. y Lib. de D. José López Guevara, c1877. a224 p. ; c24 cm.04aRetórica.04aPoética. aES-MaACLjT-313-F-3 z-- Enc. hol., falto de la cub. original z-- Enc. en un vol. facticio z-- Ejemp. n. 133, autentificado con la firma del autor